Sports Quiz

Random Sports or NFL Quiz

NFL Single Game Franchise Records Quiz Stats

 Plays Quiz Updated Jan 7, 2019

Challenge
Share
Tweet
Embed
Score 0/96 Timer 12:00
5 Plays Today
% Correct
Peyton Manning
91.2%
Tom Brady
90.6%
Chad Johnson
90.6%
Andre Johnson
90.5%
Derrick Henry
90.3%
Brad Johnson
90%
Steve Smith
88.9%
Jimmy Smith
88.5%
Drew Brees
86.9%
Cam Newton
84.4%
Ricky Williams
82.2%
Doug Williams
82.1%
Philip Rivers
80.6%
Julio Jones
80.5%
Ben Roethlisberger
80.4%
Adrian Peterson
80%
Joe Montana
79.4%
Dan Marino
79.2%
Nick Foles
79%
Matt Schaub
78.8%
Jerry Rice
78.3%
LaDainian Tomlinson
77.8%
Ahman Green
77.2%
Jamal Lewis
76.3%
Arian Foster
76.1%
Barry Sanders
75.4%
Wes Welker
74.7%
Edgerrin James
74.6%
DeAngelo Williams
73.2%
Isaiah Crowell
72.7%
Tiki Barber
71.6%
Michael Turner
71.2%
% Correct
Frank Gore
71.1%
Shaun Alexander
70.7%
Russell Wilson
70.6%
Walter Payton
70%
Jamaal Charles
69.7%
Sammy White
67%
Jake Plummer
64.9%
DeMarco Murray
64.6%
Joe Namath
64.6%
Phil Simms
64.5%
Fred Taylor
63.3%
Mark Brunell
61.7%
Miles Austin
61.6%
Le'Veon Bell
61.3%
Beanie Wells
61.3%
Warren Moon
60.9%
Matthew Stafford
60.6%
Boomer Esiason
57.7%
Boomer Esiason
57.7%
Matt Ryan
57.2%
O.J. Simpson
56.4%
Corey Dillon
54.6%
Mike Anderson
53%
Flipper Anderson
53%
Demaryius Thomas
48.1%
Matt Flynn/Aaron Rodgers
47.5%
Antonio Brown
46.5%
Lee Evans
46.4%
Drew Bledsoe
42.9%
Alshon Jeffery
42.1%
Jerome Harrison
40.9%
Steve Largent
40.4%
% Correct
Michael Thomas
39.2%
Vinny Testaverde
38.8%
Wes Chandler
38.7%
Tony Romo
35.9%
Elvis Grbac
32.3%
Anthony Allen
28.7%
Brian Hartline
28.3%
Doug Martin
27.8%
Vincent Jackson
27.8%
Calvin Johnson
26.1%
Josh Gordon
25%
Raymond Berry/T.Y. Hilton
24.9%
Josh McCown
23.5%
LeSean McCoy
22.9%
George Rogers
20%
Norm Van Brocklin
17.4%
Tommy Kramer
16.6%
Don Maynard
14.5%
Tony Collins
14.3%
Napoleon Kaufman
12.3%
Gerald Riggs
11.5%
Derek Carr
10.5%
Qadry Ismail
8.2%
Stephone Paige
4.9%
Sonny Randle
4.8%
Tommy McDonald
4.5%
Charley Hennigan
2.9%
Johnny Lujack
2%
Willie Ellison
1.6%
Art Powell
1.6%
Del Shofner
1.2%
Billy Howton
1%

You're not logged in!

Compare scores with friends on all Sporcle quizzes.
OR
Log In

You Might Also Like...

Show Comments

Extras

Top Quizzes Today


Score Distribution

Your Account Isn't Verified!

In order to create a playlist on Sporcle, you need to verify the email address you used during registration. Go to your Sporcle Settings to finish the process.

Report this User

Report this user for behavior that violates our Community Guidelines.

Details: